| 000 | 00939nam a2200229 i 4500 | ||
|---|---|---|---|
| 001 | 153554 | ||
| 003 | ES-MaACL | ||
| 005 | 20230906205259.0 | ||
| 008 | 041028s1859 fr |||| | fre d | ||
| 040 |
_aCAM _bspa _cCAM |
||
| 130 | 0 |
_aDoon de Mayence. _9135278 |
|
| 245 | 1 | 0 |
_aDoon de Maience _b: chanson de geste / _cpubliée pour la première fois d'après les manuscrits de Montpellier et de Paris par A. Pey. |
| 260 |
_aParis : _bchez F. Vieweg, libraire-éditeur, _c1859 ( _fImprimé par Charles Jouaust) |
||
| 300 |
_aLV, 368 p. ; _c16 cm. |
||
| 490 | 1 |
_aLes anciens poetes de la France / sous la direction de F. Guessard ; _v2 |
|
| 597 | _aHay otra port. para la serie. | ||
| 650 | 0 | 4 |
_aCantares de gesta- _zFrancia. _910749 |
| 700 | 1 |
_aPey, Alexandre. _9131079 |
|
| 830 | 0 |
_aLes anciens poetes de la France / sous la direction de F. Guessard ; _v2 _9187639 |
|
| 852 |
_aES-MaACL _jG-13727 _z-- Sin enc. |
||
| 999 |
_c153554 _d153554 |
||